The World's Most Common Types of Fish - Statistics

General Stats
  • This quiz has been taken 6 times
  • The average score is 4 of 10
Answer Stats
Rank Commercial Harvest Answer % Correct
4 3,791,913 Common Carp
100%
1 5,028,661 Grass Carp
67%
9 2,795,339 Skipjack Tuna
67%
8 2,898,816 Bighead Carp
33%
6 3,197,330 Nile Tilapia
33%
3 4,189,578 Silver Carp
33%
5 3,271,426 Alaska Pollock
17%
10 2,761,022 Catla
17%
2 4,692,855 Peruvian Anchoveta
17%
7 3,178,721 Whiteleg Shrimp
17%
No matching quizzes found
Score Distribution
Percent of People with Each Score
Percentile by Number Answered
Your Score History
You have not taken this quiz